Coloquios alcalinos

Spremljeno u:
Bibliografski detalji
Glavni autor: Hinojosa Serrano, Rafael
Format: Knjiga
Jezik:Undetermined
Izdano: Alcalá, España Ayuntamiento de Alcalá Real 1982
Teme:
Oznake: Dodaj oznaku
Bez oznaka, Budi prvi tko označuje ovaj zapis!

MARC

LEADER 00000nam a2200000Ia 4500
008 170316s9999 xx 000 0 und d
040 |a cru BVZT 
090 |a 862 H-7c 
100 |a Hinojosa Serrano, Rafael 
245 |a Coloquios alcalinos 
260 |a Alcalá, España 
260 |b Ayuntamiento de Alcalá Real 
260 |c 1982 
300 |a 167 páginas 
650 |a LITERATURA ESPAÑOLA 
999 |c 9981  |d 9981 
942 |c 15 D  |h 862 H-7c  |2 z